Capitali mondiali più vicine al Cairo - Statistics

Statistiche generali
  • Questo quiz è stato fatto 29 volte
  • Il punteggio medio è 13 su 20
Statistiche sulle risposte
km capital % Corretto
1742 Tripoli
96%
423 Gerusalemme
93%
1634 Riyād
89%
1123 Atene
86%
490 Amman
82%
1110 Ankara
82%
604 Nicosia
79%
584 Beirut
75%
611 Damasco
75%
1576 Sofia
68%
1596 Skopje
64%
1624 Tirana
64%
1625 Khartum
61%
1692 La Valletta
61%
1615 Kuwait
57%
1292 Baghdad
54%
1668 Pristina
50%
1663 Bucarest
43%
1648 Erevan
39%
428 Ramallah
21%
Nessun quiz corrispondente trovato
Distribuzione punteggi
Percentuale di utenti per punteggio
Percentile per numero di risposta
I tuoi punteggi nel tempo
Non hai fatto questo quiz